Statystyki dla Stolice niemieckich landów

Kliknij tutaj aby rozwiązać quiz!

Ogólne statystyki

  • Ten quiz został rozwiązany 87 razy
  • Średni wynik to 6 z 13

Statystyki odpowiedzi

LandStolica% Poprawnych
BawariaMonachium
96%
SaksoniaDrezno
70%
Badenia - WirtembergiaStuttgart
65%
Nadrenia Północna - WestfaliaDüsseldorf
59%
Dolna SaksoniaHanower
54%
Szlezwik - HolsztynKilonia
54%
BrandenburgiaPoczdam
48%
SaaraSaarbrücken
35%
TuryngiaErfurt
33%
Nadrenia - PalatynatMoguncja
24%
Meklemburgia - Pomorze PrzednieSchwerin
22%
HesjaWiesbaden
22%
Saksonia - AnhaltMagdenburg
13%

Rozkład punktacji

Percentyl według liczby udzielonych odpowiedzi

Procent ludzi z każdym wynikiem

Twoja historia wyników

Nie rozwiązałeś tego quizu